000 00781nam a2200217 i 4500
001 135864
003 ES-MaACL
005 20250930063121.0
007 t|
008 070214s1950 sp r ||||1| spa d
100 1 _aRuiz del Castillo y Catalán de Ocón, Carlos,
_d1896-1984
_9100778
245 1 0 _aElementos y exigencias del bien común /
_cpor Carlos Ruiz del Castillo y Catalán de Ocón.
260 _aMadrid :
_b[Escuela Social de Madrid],
_c1950 (
_fGráf. Barragán)
300 _a22 p. ;
_c24 cm.
594 _aPrecede al tít.: Ministerio de Trabajo, Escuela Social de Madrid.
650 4 _aBien común.
_9156263
710 2 _aEscuela Social de Madrid.
_93593
852 _aES-MaACL
_j1915-F-11
852 _aES-MaACL
_j1915-F-10
999 _c135864
_d135864